• 首页
  • 本馆介绍
  • 公告通知
  • 最新文献
  • 馆藏检索
  • 电子资源
  • 读者导购
  • 参考咨询
  • 我的图书馆
  • 登录
  • 期刊详细显示
  • 现刊情况显示
  • 合订本情况显示
  • 篇目信息显示

期刊信息

  • 表格格式
  • 工作单格式
  • 卡片格式
索取号 
H3/EE
题名 
English Education
作者 
MICHAEL T.MOORE
分册号 
分册名 
出版地 
出版者 
NATIONAL COUNCIL OF TEACHERS OF ENGLISH
标准刊号 
0007-8204
出版频率 
季刊
中图法分类 
H3
主题词 
外语 常用
电子资源 
000 00792nas0 2200205 45
001 0638852031
005 20070416155910.64
011    @a0007-8204@dCNY 1178.00
100    @a20060227d km y0chiy0120 ea
101 0  @aeng
200 1  @aEnglish Education@fMICHAEL T.MOORE
207    @aEnglish Education is published quarterly in October,January,April and July for the Conference on English Education by the National Council of Teachers of English.
210    @cNATIONAL COUNCIL OF TEACHERS OF ENGLISH
300    @aThe conference on English Education is an organization concerned with the process of educating teachers of English and language arts.
326    @a季刊
606 0  @a外语@x常用
690    @aH3@v4
701  0 @aMICHAEL T.MOORE
801  0 @aCN@bPFT@c20070416
905    @aTJWY@dH3@eEE
    
    English Education/MICHAEL T.MOORE.-English Education is published quarterly in October,January,April and July for the Conference on English Education by the National Council of Teachers of English.-NATIONAL COUNCIL OF TEACHERS OF ENGLISH
    
    The conference on English Education is an organization concerned with the process of educating teachers of English and language arts.
    
    ISSN 0007-8204:CNY 1178.00
    
●
相关链接: 在易读查询期刊 在中国知网中查询期刊 在万方数据查询期刊 在维普查询期刊
唐山师范学院图书馆 欢迎您!
大连网信软件有限公司© 版权所有